Programa de historia de la filosofía / (Record no. 34742)

MARC details
000 -LEADER
campo de control de longitud fija 00472nam a2200157 i 4500
001 - NÚMERO DE CONTROL
campo de control 34742
003 - IDENTIFICADOR DE NÚMERO DE CONTROL
campo de control ES-MaACL
005 - FECHA Y HORA DE LA ÚLTIMA TRANSACCIÓN
campo de control 20230906155004.0
007 - CAMPO FIJO DE DESCRIPCIÓN FÍSICA--INFORMACIÓN GENERAL
campo de control de longitud fija t|
008 - DATOS DE LONGITUD FIJA--INFORMACIÓN GENERAL
campo de control de longitud fija 030207s1906 sp ||||1| spa d
100 1# - ENTRADA PRINCIPAL--NOMBRE DE PERSONA
Nombre de persona Bonilla y San Martín, Adolfo,
Fechas asociadas al nombre 1875-1926
9 (RLIN) 30193
245 10 - MENCIÓN DEL TÍTULO
Título Programa de historia de la filosofía /
Mención de responsabilidad, etc. Adolfo Bonilla y San Martín.
260 ## - PUBLICACIÓN, DISTRIBUCIÓN, ETC.
Lugar de publicación, distribución, etc. Madrid :
Nombre del editor, distribuidor, etc. [s.n.,
Fecha de publicación, distribución, etc. 1906] (
Fabricante V. Suárez)
852 ## - LOCALIZACIÓN
Ubicación ES-MaACL
Número de control de estantería 1491-F-5
Holdings
Estatus retirado Estado de pérdida Estado de daño No para préstamo Colección Biblioteca de origen Biblioteca actual Ubicación en estantería Fecha de adquisición Fuente de adquisición Total de préstamos Signatura topográfica completa Código de barras Visto por última vez Precio de reemplazo Tipo de ítem Koha
        Colección de folletos Biblioteca del Ateneo de Madrid Biblioteca del Ateneo de Madrid Depósito folletos 17/01/2008     1491-F-5 1036256 23/02/2023 23/02/2023 Folleto